Le Valereux Dom Quisote de la Manche (Record no. 2737)

MARC details
000 -CABECERA
campo de control de longitud fija 01628nam a2200325 a 4500
001 - NÚMERO DE CONTROL
campo de control BRCA_2999
005 - FECHA Y HORA DE LA ÚLTIMA TRANSACCIÓN
campo de control 20190320204049.0
008 - DATOS DE LONGITUD FIJA--INFORMACIÓN GENERAL
campo de control de longitud fija 190109s1639----fr-#---###---#000-0#fre-u
041 ## - CÓDIGO DE LENGUA
Código de lengua del texto/banda sonora o título independiente fre
044 ## - CÓDIGO DEL PAÍS DE LA ENTIDAD EDITORA/PRODUCTORA
Código MARC del país fr
084 ## - OTRO NÚMERO DE CLASIFICACIÓN
Número de clasificación 319
Número de documento/Ítem .C68
-- 1639
100 1# - ENTRADA PRINCIPAL--NOMBRE DE PERSONA
Nombre de persona Cervantes Saavedra, Miguel de
Fechas asociadas al nombre 1547-1616
9 (RLIN) 213
245 10 - MENCIÓN DE TÍTULO
Título Le Valereux Dom Quisote de la Manche
Resto del título ov L´Histoire de ses Grands Exploicts D´Armes, Fideles Amours, et Adventures Estranges
Mención de responsabilidad, etc. Traduit Fidellement de L´Espagnol de Michel de Cervantes. Dedi, au Roy par Cesar Ovdin.
260 ## - PUBLICACIÓN, DISTRIBUCIÓN, ETC.
Lugar de publicación, distribución, etc. París
Nombre del editor, distribuidor, etc. Arnovld Cottinet
Fecha de publicación, distribución, etc. 1639
300 ## - DESCRIPCIÓN FÍSICA
Extensión 1 v.
Dimensiones 25 cm.
500 ## - NOTA GENERAL
Nota general Contenido : Primera parte. Dedicatoria al Rey por Oudin. Prólogo del autor. Texto. SEgunda parte. Traducción por F. de Rosset. Dedicatoria del traductor. Texto
500 ## - NOTA GENERAL
Nota general Reimpresión de la edición de 1622, publicada por Denis Moreav. En la portada lleva la misma ilustración gráfica que el primer tomo (del número LO-318) con el que constituye la segunda edición completa en lengua gala, bajo una misma fecha, lugar e impresor. Pergamino Lúdovik Osterc
500 ## - NOTA GENERAL
Nota general Existencias : Complementa al LO-318
500 ## - NOTA GENERAL
Nota general QM243
546 ## - NOTA DE LENGUA/LENGUAJE
Nota de lengua/lenguaje Texto en : francés
650 14 - PUNTO DE ACCESO ADICIONAL DE MATERIA--TÉRMINO DE MATERIA
Término de materia o nombre geográfico como elemento de entrada Novela española
Subdivisión cronológica Época clásica, 1500-1700
9 (RLIN) 215
650 14 - PUNTO DE ACCESO ADICIONAL DE MATERIA--TÉRMINO DE MATERIA
Término de materia o nombre geográfico como elemento de entrada Literatura española
Subdivisión cronológica Época clásica, 1500-1700
9 (RLIN) 216
650 14 - PUNTO DE ACCESO ADICIONAL DE MATERIA--TÉRMINO DE MATERIA
Término de materia o nombre geográfico como elemento de entrada Novela española
Subdivisión cronológica Siglo XVII
9 (RLIN) 217
650 14 - PUNTO DE ACCESO ADICIONAL DE MATERIA--TÉRMINO DE MATERIA
Término de materia o nombre geográfico como elemento de entrada Don Quijote (Personaje ficticio)
Término indicativo de función/relación Novela
9 (RLIN) 218
700 1# - PUNTO DE ACCESO ADICIONAL--NOMBRE DE PERSONA
Nombre de persona Oudin, César
Fechas asociadas al nombre ?-1625
9 (RLIN) 8288
700 1# - PUNTO DE ACCESO ADICIONAL--NOMBRE DE PERSONA
Nombre de persona Rosset, Francois
9 (RLIN) 8289
740 0# - PUNTO DE ACCESO ADICIONAL--TÍTULO RELACIONADO O ANALÍTICO NO CONTROLADO
Título relacionado o analítico no controlado El Ingenioso Hidalgo Don Quijote de la Mancha
902 ## - CATALOGADOR
Iniciales QFM
942 ## - ELEMENTOS DE PUNTO DE ACCESO ADICIONAL (KOHA)
Fuente del sistema de clasificación o colocación Library of Congress Classification
Tipo de ítem Koha Libros
Holdings
Estado de retiro Estado de pérdida Estado dañado No para préstamo Localización permanente Ubicación/localización actual Fecha de adquisición Número de inventario Total de préstamos Signatura topográfica completa Código de barras Fecha visto por última vez Precio válido a partir de Tipo de ítem Koha
El ejemplar forma parte de la colección y puede ser consultado según las políticas vigentes.       Biblioteca del Museo Franz Mayer (Rogerio Casas-Alatriste) Biblioteca del Museo Franz Mayer (Rogerio Casas-Alatriste) 19/01/2009 QM243   319 .C68 1639 (QM243) 2996 22/03/2019 22/03/2019 Libros